La transformación económica de Chile: el modelo del progreso
Guardat en:
| Autor principal: | |
|---|---|
| Format: | Llibre |
| Idioma: | espanyol |
| Publicat: |
Santiago, Chile
Aguilar
2008
|
| Matèries: | |
| Etiquetes: |
Afegir etiqueta
Sense etiquetes, Sigues el primer a etiquetar aquest registre!
|
MARC
| LEADER | 00000nam a2200000 a 4500 | ||
|---|---|---|---|
| 001 | UCI6620 | ||
| 003 | CL-VaPUC | ||
| 005 | 20210616001442.0 | ||
| 008 | 080516e20080000CL |||||||||||||||||spa|d | ||
| 999 | |c 330075 |d 330073 | ||
| 020 | |a 9789562395694 | ||
| 040 | |c Pontificia Universidad Católica de Valparaíso | ||
| 082 | 0 | 4 | |a 338.983 BUC 2008 |2 21 |
| 100 | 0 | |a Büchi Buc, Hernán |9 529554 | |
| 245 | 1 | 3 | |a La transformación económica de Chile: el modelo del progreso |
| 260 | 0 | 3 | |a Santiago, Chile |b Aguilar |c 2008 |
| 300 | |a 338 páginas | ||
| 583 | |a last modification |c 20160913 09:38:46 |k Rodrigo Vera | ||
| 650 | 0 | |a Condiciones económicas |9 258255 | |
| 650 | 0 | |a Desarrollo económico y social |9 256320 | |
| 650 | 0 | |a Países en desarrollo |9 259663 | |
| 650 | 0 | |a Política económica |9 255029 | |
| 650 | 7 | |a HISTORIA ECONOMICA SIGLO 20 |2 CL-VaPUC |9 437093 | |
| 942 | |c BK |2 ddc | ||
| 945 | |d 20080516 00:00:00 |a jtorresc | ||
| 952 | |0 0 |1 0 |2 ddc |4 0 |6 338_983000000000000_BUC_2008 |7 0 |8 A |9 415366 |a BIBENE |b BIBENE |d 2019-11-22 |i 4440250 |l 1 |o 338.983 BUC 2008 |p 4440250 |r 2025-01-15 |s 2022-05-13 |t 1 |w 2019-11-22 |y BK |k ICO | ||